Alternative transportation fuels : (Record no. 19438)
[ view plain ]
| 000 -LEADER | |
|---|---|
| fixed length control field | 01548cam a22002895a 4500 |
| 001 - CONTROL NUMBER | |
| control field | 17641994 |
| 005 - DATE AND TIME OF LATEST TRANSACTION | |
| control field | 20150526110630.0 |
| 008 - FIXED-LENGTH DATA ELEMENTS--GENERAL INFORMATION | |
| fixed length control field | 130228t2013 flua frb 001 0 eng d |
| 020 ## - INTERNATIONAL STANDARD BOOK NUMBER | |
| International Standard Book Number | 9781439872819 (hardback) |
| 040 ## - CATALOGING SOURCE | |
| Original cataloging agency | DLC |
| Language of cataloging | eng |
| Transcribing agency | DLC |
| Modifying agency | DLC |
| -- | EG-ScBUE |
| 082 00 - DEWEY DECIMAL CLASSIFICATION NUMBER | |
| Classification number | 662.6 |
| Edition number | 22 |
| Item number | BAB |
| 100 1# - MAIN ENTRY--PERSONAL NAME | |
| Personal name | Babu, M. K. Gajendra. |
| 9 (RLIN) | 38082 |
| 245 10 - TITLE STATEMENT | |
| Title | Alternative transportation fuels : |
| Remainder of title | utilisation in combustion engines / |
| Statement of responsibility, etc | M. K. Gajendra Babu, K. A. Subramanian. |
| 260 ## - PUBLICATION, DISTRIBUTION, ETC. (IMPRINT) | |
| Place of publication, distribution, etc | Boca Raton : |
| Name of publisher, distributor, etc | CRC Press / Taylor & Francis Group, |
| Date of publication, distribution, etc | c.2013. |
| 300 ## - PHYSICAL DESCRIPTION | |
| Extent | xxiii, 440 p. : |
| Other physical details | ill.; |
| Dimensions | 25 cm. |
| 500 ## - GENERAL NOTE | |
| General note | Index : p. 435-440. |
| 504 ## - BIBLIOGRAPHY, ETC. NOTE | |
| Bibliography, etc | Includes bibliographical references. |
| 520 ## - SUMMARY, ETC. | |
| Summary, etc | "Co-authored by a renowned researcher in energy studies, this book discusses the production, distribution, and applications of alternative fuels with respect to different modes of transportation (land, sea, and aviation). Much of the emphasis is on applications of these fuels in internal combustion engines. The authors provide an in-depth analysis of engine combustion, including injection, spray, combustion, performance, and emissions. The book also highlights greenhouse gases (GHGs), in view of climate change and global warming"-- |
| 650 #0 - SUBJECT ADDED ENTRY--TOPICAL TERM | |
| Topical term or geographic name as entry element | Motor fuels. |
| Source of heading or term | BUEsh |
| 650 #0 - SUBJECT ADDED ENTRY--TOPICAL TERM | |
| Topical term or geographic name as entry element | Fuel switching. |
| Source of heading or term | BUEsh |
| 9 (RLIN) | 4380 |
| 650 #0 - SUBJECT ADDED ENTRY--TOPICAL TERM | |
| Topical term or geographic name as entry element | Spark ignition engines |
| General subdivision | Alternative fuels. |
| Source of heading or term | BUEsh |
| 650 #0 - SUBJECT ADDED ENTRY--TOPICAL TERM | |
| Topical term or geographic name as entry element | Diesel motor |
| General subdivision | Alternative fuels. |
| Source of heading or term | BUEsh |
| 653 ## - INDEX TERM--UNCONTROLLED | |
| Resource For college | Engineering, General |
| Arrived date list | May2015 |
| 655 ## - INDEX TERM--GENRE/FORM | |
| Form subdivision | |
| -- | 34232 |
| 700 1# - ADDED ENTRY--PERSONAL NAME | |
| Personal name | Subramanian, K. A., |
| Dates associated with a name | 1971- |
| 942 ## - ADDED ENTRY ELEMENTS (KOHA) | |
| Source of classification or shelving scheme | Dewey Decimal Classification |
| Withdrawn status | Item status | Source of classification or shelving scheme | Damaged status | Not for loan | Vendor | Home library | Current library | Shelving location | Date acquired | Source of acquisition | Cost, normal purchase price | Total Checkouts | Full call number | Barcode | Date last seen | Cost, replacement price | Koha item type |
|---|---|---|---|---|---|---|---|---|---|---|---|---|---|---|---|---|---|
| Dewey Decimal Classification | Baccah | Central Library | Central Library | First floor | 26/05/2015 | 680.00 | 662.6 BAB | 000038326 | 15/07/2025 | 850.00 | Book - Borrowing |